Konflikty zbrojne Polski - XX i XIX w. - Statystyki

Ogólne statystyki
  • Ten quiz został rozwiązany 27 razy
  • Średni wynik to 8 z 30
Statystyki odpowiedzi
Rok konfliktu I strona II strona % Poprawnych
1939 r. Polska III Rzesza Niemiecka
90%
Związek Radziecki
81%
Słowacja
76%
1938 r. Polska Czechosłowacja
62%
1919 - 1921 r. Polska, Łotwa, Ukraińska Republika Ludowa Rosyjska FSRR
57%
1918 - 1919 r. Polska, Rumunia Ukraińska Republika Ludowa
57%
1968 r. Polska, Bułgaria, Węgry, Związek Radziecki Czechosłowacja
48%
III Rzesza Niemiecka
43%
1918 - 1919 r. Polska Niemcy
43%
1919 r. Polska Czechosłowacja
38%
1919 - 1920 r., 1927 r Polska Litwa
29%
Ukraińska SRR
29%
Afganistan
24%
1944 - 1949 r. Polska, Związek Radziecki Werwolf (niemiecka organizacja)
24%
1942 - 1947 r. Polska, Czechosłowacja, Związek Radziecki Ukraińska Powstańcza Armia
19%
Zachodnioukraińska Republika Ludowa
19%
1945 r. Polska Czechosłowacja
10%
1994 - 1995 r. Polska, Argentyna, Stany Zjednoczone Haiti
10%
Irak
10%
NIE
5%
Al-Ka'ida
0%
2002 - 2021 r. ISAF (International Security Assistance Force) Al-Ka'ida (islamistyczna organizacja terrorystyczna)
0%
2003 - 2007 r. Polska, Irak, Stany Zjednoczone Al-Ka'ida (islamistyczna organizacja terrorystyczna)
0%
2012 - 2014 r. Polska, Czad, Francja, Hiszpania, Mali, Niemcy, Wielka Brytania Ansar ad-Din (Obrońcy Wiary)
0%
Azawad (północne Mali)
0%
IEA (Islamski Emirat Afganistanu / Talibowie)
0%
MUJAO (Ruch Na Rzecz Jedności i Dżihadu w Afryce Zadchodniej)
0%
NZW (Narodowe Zjednoczenie Wojskowe)
0%
Państwo Islamskie
0%
1944 - 1956 r. Polska, Związek Radziecki WiN (organizacja Wolność i Niezawiłość)
0%
Nie znaleziono quizów pasujących do podanych kryteriów
Rozkład punktacji
Procent ludzi z każdym wynikiem
Percentyl według liczby udzielonych odpowiedzi
Twoja historia wyników
Nie rozwiązałeś tego quizu